• 首页
  • 本馆介绍
  • 公告通知
  • 最新文献
  • 馆藏检索
  • 电子资源
  • 读者导购
  • 参考咨询
  • 我的图书馆
  • 登录
  • 详细信息显示
  • 放入我的书架
  • 预约/预借图书
  • 作者相关作品
  • 分类相关作品
  • 丛书相关作品
  • 出版社相关作品

书目信息

  • 表格格式
  • 工作单格式
  • 卡片格式
题名:
常见病贴敷疗法
    
 
作者: 安在峰
分册:  
出版信息: 北京   人民体育出版社  2000
页数: 232
开本: 19cm
丛书名:
单 册:
中图分类: R244.9
科图分类:
主题词: 中医学:临床医学
电子资源:
ISBN: 7-5009-1762-7
000 00511nam0 2200181 450
001 0736480453
005 20070817100800.46
010    @a7-5009-1762-7@d¥13.00
100    @a20070817d km y0chiy0120 ea
101 0  @achi
200 1  @a常见病贴敷疗法@Achang jian bing tie fu liao fa@f安在峰@Fan zai feng
210    @a北京@c人民体育出版社@d2000
215    @a232@d19cm
606 0  @a中医学:临床医学
690    @aR244.9@v3
701  0 @a安在峰@Aan zai feng
801  0 @aCN@bPFT@c20070817
905    @a213230@dR244.9@et3@f1
    
    常见病贴敷疗法/安在峰.-北京:人民体育出版社,2000
    232;19cm
    
    
    ISBN 7-5009-1762-7:¥13.00
    
●
相关链接 在E读中查询图书 在五车中查询图书 在当当中查询图书 在豆瓣中查询图书


正题名:常见病贴敷疗法     索取号:R244.9/t3         预约/预借

序号 登录号 条形码 馆藏地/架位号 状态 备注
1 6902128   269021284   密集书库-体育系/ [索取号:R244.9/t3] 在馆    
2 6903483   269034831   密集书库-体育系/ [索取号:R244.9/t3] 在馆    
唐山师范学院图书馆 欢迎您!
大连网信软件有限公司© 版权所有